Procuring the future (Record no. 106350)

MARC details
000 -LEADER
fixed length control field 01419cam a2200205 4500
001 - CONTROL NUMBER
control field ##L136261
008 - FIXED-LENGTH DATA ELEMENTS--GENERAL INFORMATION
fixed length control field 070122n2006 000 0 eng u
035 ## - SYSTEM CONTROL NUMBER
System control number (Sirsi) u136261
041 0# - LANGUAGE CODE
Language code of text/sound track or separate title eng
050 04 - LIBRARY OF CONGRESS CALL NUMBER
Classification number 352.1 $2 18
110 2# - MAIN ENTRY--CORPORATE NAME
Corporate name or jurisdiction name as entry element Sustainable Procurement Task Force
9 (RLIN) 5104
245 00 - TITLE STATEMENT
Title Procuring the future
Remainder of title sustainable procurement national action plan
-- recommendations from the Sustainable Procurement Task Force
Medium [electronic resource]
260 ## - PUBLICATION, DISTRIBUTION, ETC.
Place of publication, distribution, etc. London
Name of publisher, distributor, etc. DEFRA
Date of publication, distribution, etc. 2006
520 ## - SUMMARY, ETC.
Summary, etc. Presents the findings and recommendations of the Sustainable Procurement Task Force, whose objective was to focus on the social, economic and environmental dimensions of public procurement. Recommends that government lead by example, set clear priorities and remove barriers to sustainable procurement, whilst the public sector build capacity by developing its capabilities to deliver sustainable procurement and capture opportunities for innovation and social benefits. Also identifies three building blocks to underpin these actions; the flexible framework, prioritisation of spend, and specialist toolkits.
650 24 - SUBJECT ADDED ENTRY--TOPICAL TERM
Topical term or geographic name entry element SUSTAINABLE PROCUREMENT NATIONAL ACTION PLAN
651 #4 - SUBJECT ADDED ENTRY--GEOGRAPHIC NAME
Geographic name United Kingdom
Chronological subdivision
690 ## - LOCAL SUBJECT ADDED ENTRY--TOPICAL TERM (OCLC, RLIN)
Topical term or geographic name as entry element MANAGEMENT-BUSINESS MANAGEMENT-PROCUREMENT
856 40 - ELECTRONIC LOCATION AND ACCESS
Uniform Resource Identifier <a href="https://www.defra.gov.uk/publications/files/pb11710-procuring-the-future-060607.pdf">https://www.defra.gov.uk/publications/files/pb11710-procuring-the-future-060607.pdf</a>
Public note View the item free of charge at www.defra.gov.uk
942 ## - ADDED ENTRY ELEMENTS (KOHA)
Suppress in OPAC 0
Holdings
Withdrawn status Lost status Source of classification or shelving scheme Damaged status Not for loan Home library Current library Shelving location Date acquired Total Checkouts Full call number Barcode Date last seen Copy number Price effective from Koha item type
    Dewey Decimal Classification     Virtual Virtual Online 22/01/2007   ONLINE PUBLICATION 136261-2001 06/08/2019 1 06/08/2019 Book